Pracovněprávní vztahy v obchodních společnostech.
Pracovný pomer v obchodných spoločnostiach. Štatutárny orgán a pracovnoprávne záležitosti. Charakteristika štatutárnych orgánov jednotlivých typov obchodných spoločností. Obchodný register a právna záväznosť konania obchodnej spoločnosti.
Saved in:
| Main Author: | |
|---|---|
| Format: | Book Chapter |
| Language: | Czech |
| Subjects: | |
| Tags: |
No Tags, Be the first to tag this record!
|
MARC
| LEADER | 00000naa a2200000 4500 | ||
|---|---|---|---|
| 001 | r009894 | ||
| 005 | 20220831085039.5 | ||
| 041 | 0 | |a cze | |
| 044 | |a [CS] | ||
| 245 | 1 | 0 | |a Pracovněprávní vztahy v obchodních společnostech. |c L. Jouza |
| 520 | |a Pracovný pomer v obchodných spoločnostiach. Štatutárny orgán a pracovnoprávne záležitosti. Charakteristika štatutárnych orgánov jednotlivých typov obchodných spoločností. Obchodný register a právna záväznosť konania obchodnej spoločnosti. | ||
| 610 | 2 | 0 | |a spoločnosti obchodné |
| 610 | 2 | 0 | |a vzťahy pracovnoprávne |
| 610 | 2 | 0 | |a právo pracovné |
| 610 | 2 | 0 | |a register obchodný |
| 610 | 2 | 0 | |a orgány štatutárne |
| 100 | 1 | |a Jouza, L. | |